Aviation Industry - CATIA
Catia v súčasnosti ako najbežnejšie používaná verzia produktu francúzskej firmy. Systém Catia ako nástroj pre letecký dizajn, ktorý usmerňuje mentálne schopnosti človeka. Popis základných aplikácií Catia. Catia - dizajn kompozitov (CPD). Catia V5 - flexibilné riešenie.
Salvato in:
| Autore principale: | |
|---|---|
| Altri autori: | |
| Natura: | Capitolo di libro |
| Lingua: | inglese |
| Soggetti: | |
| Tags: |
Nessun Tag, puoi essere il primo ad aggiungerne!!
|
MARC
| LEADER | 00000naa a2200000 4500 | ||
|---|---|---|---|
| 001 | 0270307 | ||
| 005 | 20240502074232.6 | ||
| 041 | 0 | |a eng | |
| 044 | |a SK | ||
| 245 | 1 | 0 | |a Aviation Industry - CATIA |c Naqibullah Daneshjo |
| 520 | |a Catia v súčasnosti ako najbežnejšie používaná verzia produktu francúzskej firmy. Systém Catia ako nástroj pre letecký dizajn, ktorý usmerňuje mentálne schopnosti človeka. Popis základných aplikácií Catia. Catia - dizajn kompozitov (CPD). Catia V5 - flexibilné riešenie. | ||
| 610 | 2 | 0 | |a priemysel letecký |
| 610 | 2 | 0 | |a systém |
| 610 | 2 | 0 | |a dizajn |
| 610 | 2 | 0 | |a konštrukcia |
| 100 | 1 | |a Daneshjo, Naqibullah, 1964- | |
| 700 | 1 | |a Eldojali, Mohamed Ali M. | |